| 000 | 00562nam a2200217Ia 4500 | ||
|---|---|---|---|
| 003 | OSt | ||
| 005 | 20220928132845.0 | ||
| 006 | a|||||r|||| 00| 0 | ||
| 007 | ta | ||
| 008 | 220927b |||||||| |||| 00| 0 eng d | ||
| 024 | _a40834 | ||
| 037 | _cTextual | ||
| 040 |
_aSDCL _cSDCL _beng |
||
| 041 |
_2eng _aeng |
||
| 082 | _aS:86, L9.1 | ||
| 100 |
_aLambert Michael J _9438532 |
||
| 245 | 0 | _aEffects of psychotherapy. | |
| 260 |
_aCanada _bEden Press _c1979 |
||
| 942 |
_hS:86, L9.1 _cTEXL _2CC |
||
| 999 |
_c796145 _d796145 |
||